000 01170nam a22002777a 4500
001 4813
003 FISKH
005 20241016095931.0
008 241016b cb ||||| |||| 00| 0 eng d
020 _a9780006615019
040 _aFISKH
_beng
_cFISKH
_dFISKH
082 _a823.914
100 _aPostgate, Oliver
_d(1925–2008)
245 _aIvor the engine the elephant /
_cStory by Oliver Postgate Pictures by Peter Firmin
250 _aFirst published in 1979
260 _aLondon :
_bCollins,
_c1979.
300 _a23 pages :
_bColor illustrations ;
_c22 cm
505 _aG
520 _aA circus elephant with Charlie Banger's Circus. She is normally placid, but does not like taking medicine or being bathed by anyone except her owner, Bani Moukerjee. When Ivor met her, she had escaped and was asleep on the track with an injured foot. Since then they have become friends. She and her elephant friends were able to help Ivor when he got stuck in the snow.
521 8 _a420L
_bLexile
521 8 _aG
_bRaz-Plus
650 _2Fiction
_aChildren's
650 _2Junior picture book
_aRead
700 _aFirmin, Peter
_dIllustrator
942 _2ddc
_cBK
_n0
999 _c4813
_d4813